MARC

LEADER 00000nam0a2200000 4500
001 329711
005 20231102004205.0
035 |a (RuTPU)RU\TPU\book\355479 
090 |a 329711 
100 |a 20170320d1073 m y0rusy50 ca 
101 0 |a rus 
102 |a RU 
105 |a a z 000zy 
200 1 |a Заметки парашютиста-испытателя  |f В. Г. Романюк  |g лит. запись А. Н. Голикова 
205 |a 4-е изд., перераб. и доп. 
210 |a Москва  |c Воениздат  |d 1973 
215 |a 304 с.  |c ил. 
606 1 |a Парашютисты-испытатели  |y СССР  |2 stltpush  |3 (RuTPU)RU\TPU\subj\48145  |9 67024 
610 1 |a парашюты 
610 1 |a испытания 
610 1 |a прыжки 
610 1 |a подготовка 
610 1 |a Великая Отечественная война 1941-1945 
610 1 |a мастерство 
610 1 |a спортсмены 
610 1 |a мировые рекорды 
675 |a 629.734  |v 4 
700 1 |a Романюк  |b В. Г.  |g Василий Григорьевич 
702 1 |a Голиков  |b А. Н.  |g Алексей Николаевич  |4 340 
801 1 |a RU  |b 63413507  |c 20170320 
801 2 |a RU  |b 63413507  |c 20171110  |g RCR 
942 |c BK